00302nam a22001457a 4500003000400000005001700004008004100021020001500062040000700077082001100084100002100095245001700116260001500133300000800148OSt20211007152800.0211007b |||||||| |||| 00| 0 eng d a1561341207 chu a302.23 aalison alexander ataring sldes bhallc1087 a352